000 00895nam a2200241 a 4500
001 000018647
005 20200929165832.0
008 100512s2000 nq 000 j spa d
020 _a9992430133
040 _aDO-SdBNP
_bspa
_cBNPHU
082 _aN863.3
_bD218cu
100 1 _aDarío, Rubén,
_d1867-1916
_915535
245 1 0 _aCuentos completos /
_cRubén Darío ; compilación, edición y notas de Ernesto Mejía Sánchez ; estudio preliminar de Raimundo Lida ; adiciones y notas a esta edición de Julio Valle-Castillo.
260 _aManagua :
_bInstituto Nicaragüense de Cultura,
_c2000.
300 _a388 p. :
_bil. ;
_c21 cm.
650 4 _aCuentos nicaragüenses
_99879
650 4 _aLiteratura nicaragüense
_98122
700 1 _aMejía Sánchez, Ernesto,
_eed.
_921268
700 1 _aLida, Raimundo,
_940287
700 1 _aValle-Castillo, Julio,
_922770
910 _aWM
049 _aBNGR
999 _c18167
_d18167